000
00494nam a2200145Ia 4500
008
151213s9999 xx 000 0 und d
100
_a
মো: আকরাম খাঁ
245
_a
মোস্তফা চরিত
_c
মো: আকরাম খাঁ
260
_a
ঢাকা
_b
কাকলী বুক প্রকাশনী।
_c
2010
300
_a
10965 p.
650
_a
Bangla
650
_a
ইসলামী বই
700
_a
মো: আকরাম খাঁ
999
_c
4937
_d
4937